00719nam a2200169 a 4500003000200000005001700002008004100019050003100060100002000091245014200111260009000253300002300343504004100366650004800407650004900455650004500504020250221110225.0110621s19uu xx 00 eng d aPHS DA 566.9.C5b.B11 2011 aBago, Alissa N. aThe extent of Winston Churchill's impact in the military decisions of the allied powers from 1939-1945 in World War II /cAlissa N. Bago. aLas Piñas City, Philippines :bSouthville International School and Colleges,c2011. a24 pages ;c28 cm. aIncludes bibliographical references. aChurchill, Winston, 1874–1965xInfluence. aWorld War, 1939–1945xMilitary leadership. aAllied Powers (1919- )xMilitary policy.